Top 20 NHL Centers 2025 - Statistics

General Stats
  • This quiz has been taken 4,896 times
    2,485 since last reset
  • The average score is 17 of 20
Answer Stats
# Team Center % Correct
1 Oilers Connor McDavid
100%
3 Maple Leafs Auston Matthews
99%
2 Avalanche Nathan MacKinnon
98%
6 Penguins Sidney Crosby
98%
4 Oilers Leon Draisaitl
97%
9 Devils Jack Hughes
95%
13 Blackhawks Connor Bedard
93%
5 Panthers Aleksander Barkov
91%
8 Golden Knights Jack Eichel
89%
10 Canucks Elias Pettersson
88%
12 Hurricanes Sebastian Aho
88%
7 Lightning Brayden Point
86%
16 Canadiens Nick Suzuki
85%
15 Red Wings Dylan Larkin
79%
11 Canucks J.T. Miller
79%
20 Devils Nico Hischier
68%
18 Blues Robert Thomas
65%
14 Stars Roope Hintz
65%
17 Senators Tim Stützle
64%
19 Rangers Mika Zibanejad
63%
No matching quizzes found
Score Distribution
Percent of People with Each Score
Percentile by Number Answered
Your Score History
You have not taken this quiz since the last reset